|
|
|
|
| LEADER |
00000cam a2200000 c 4500 |
| 001 |
107989764X |
| 003 |
DE-627 |
| 005 |
20220513153558.0 |
| 007 |
tu |
| 008 |
850101s1965 xx ||||| 00| ||eng c |
| 035 |
|
|
|a (DE-627)107989764X
|
| 035 |
|
|
|a (DE-576)00989764X
|
| 035 |
|
|
|a (DE-599)BSZ00989764X
|
| 035 |
|
|
|a (OCoLC)310616263
|
| 040 |
|
|
|a DE-627
|b ger
|c DE-627
|e rakwb
|
| 041 |
|
|
|a eng
|
| 084 |
|
|
|a PH 8030
|2 rvk
|0 (DE-625)rvk/136484:
|
| 100 |
1 |
|
|a Radzinowicz, Leon
|4 aut
|
| 245 |
1 |
4 |
|a The need for criminology and a proposal for an Institute of Criminology
|b report; pres. to the hon. Samuel I. Rosenman ...
|c Leon Radzinowicz
|
| 264 |
|
1 |
|a London [u.a.]
|b Heinemann
|c 1965
|
| 300 |
|
|
|a XIX, 123 S.
|
| 336 |
|
|
|a Text
|b txt
|2 rdacontent
|
| 337 |
|
|
|a ohne Hilfsmittel zu benutzen
|b n
|2 rdamedia
|
| 338 |
|
|
|a Band
|b nc
|2 rdacarrier
|
| 655 |
|
7 |
|a Festschrift
|0 (DE-588)4016928-5
|0 (DE-627)104400986
|0 (DE-576)208917802
|2 gnd-content
|
| 700 |
1 |
|
|a Rosenman, Samuel Irving
|d 1896-1973
|e GefeierteR
|0 (DE-588)129407216
|0 (DE-627)396069711
|0 (DE-576)216472113
|4 hnr
|
| 936 |
r |
v |
|a PH 8030
|b Handbücher, Lehrbücher, Gesamtdarstellungen etc. zur gesamten Kriminologie und deren Einzelgebieten
|k Rechtswissenschaft
|k Strafrecht, Strafverfahrensrecht, Kriminologie
|k Kriminologie
|k Allgemeines
|k Handbücher, Lehrbücher, Gesamtdarstellungen etc. zur gesamten Kriminologie und deren Einzelgebieten
|0 (DE-627)1271948230
|0 (DE-625)rvk/136484:
|0 (DE-576)201948230
|
| 951 |
|
|
|a BO
|
| ELC |
|
|
|b 1
|
| LOK |
|
|
|0 000 xxxxxcx a22 zn 4500
|
| LOK |
|
|
|0 001 2078742619
|
| LOK |
|
|
|0 003 DE-627
|
| LOK |
|
|
|0 004 107989764X
|
| LOK |
|
|
|0 005 20020607000000
|
| LOK |
|
|
|0 008 920908||||||||||||||||ger|||||||
|
| LOK |
|
|
|0 040
|a DE-21-110
|c DE-627
|d DE-21-110
|
| LOK |
|
|
|0 852
|a DE-21-110
|
| LOK |
|
|
|0 852 1
|c A I 58
|m p
|9 00
|
| LOK |
|
|
|0 935
|a k110
|
| LOK |
|
|
|0 936ln
|a 1.4
|
| LOK |
|
|
|0 938
|k p
|
| LOK |
|
|
|0 939
|a 08-09-92
|b l01
|
| ORI |
|
|
|a SA-MARC-krimdoka001.raw
|
| SIG |
|
|
|a IFK: A I 58
|